| 000 | 00732nas a22002657i 4500 | ||
|---|---|---|---|
| 999 |
_c200429616 _d47540 |
||
| 001 | 200429616 | ||
| 003 | TR-AnTOB | ||
| 005 | 20190322123725.0 | ||
| 008 | 180514c20139999xxuar||| |||| 00| 0 tur d | ||
| 022 | _a2147-7434 | ||
| 040 |
_aTR-AnTOB _beng _erda _cTR-AnTOB |
||
| 041 | _atur | ||
| 099 | _aJOURNAL UYU K | ||
| 222 | _aUyuşmazlık mahkemesi kararları dergisi. | ||
| 245 | _aUyuşmazlık mahkemesi kararları dergisi. | ||
| 264 | 1 |
_aAnkara ; _bUyuşmazlık Mahkemesi, _c2013- |
|
| 300 |
_avolumes ; _c24 cm. |
||
| 310 | _aAnnual | ||
| 336 |
_atext _2rdacontent |
||
| 337 |
_aunmediated _2rdamedia |
||
| 338 |
_avolume _2rdacarrier |
||
| 362 | _aIssue 1 (2013)- | ||
| 942 |
_2lcc _cCR _s1 |
||